000 00287nam a22001337a 4500
008 180227b xxu||||| |||| 00| 0 eng d
020 _a9780760773918
041 _aeng
080 _a658
100 _a54
101 _aMAN
245 _aSTARTING A NONPROFIT
_cANN.F
942 _2udc
_cBK
999 _c43651
_d43651